[Event "Monroe (RVO/3/12)"]
[Site "?"]
[Date "1986.??.??"]
[Round "?"]
[White "Rust, L.."]
[Black "Hankinson, Chris"]
[Result "1-0"]
[WhiteElo "1715"]
[BlackElo "2025"]
[PlyCount "61"]
[EventDate "1986.??.??"]

{3/(12)} 1. e4 e5 2. Nf3 Nc6 3. Bc4 Nf6 4. Ng5 d5 5. exd5 Na5 6. d3 Nxc4 7.
dxc4 Bc5 8. O-O h6 9. Nf3 e4 10. Nd4 O-O 11. h3 Bxd4 12. Qxd4 Bf5 13. Be3 Qd7
14. Bxh6 Bxh3 15. f3 Bxg2 16. Kxg2 exf3+ 17. Rxf3 Qg4+ 18. Qxg4 Nxg4 19. Bf4 f5
20. Nc3 Rae8 21. Bxc7 Ne3+ 22. Rxe3 Rxe3 23. d6 Rf7 24. Nd5 Re2+ 25. Kf3 Rxc2
26. Ne7+ Kf8 27. d7 Rd2 28. Ng6+ Kg8 29. d8=Q+ Rxd8 30. Bxd8 Rd7 31. Ba5 1-0

[Event "Monroe (RVO/1/15)"]
[Site "?"]
[Date "1986.??.??"]
[Round "?"]
[White "Rust, L.."]
[Black "Gabriel, R.."]
[Result "1-0"]
[WhiteElo "1715"]
[BlackElo "1785"]
[PlyCount "55"]
[EventDate "1986.??.??"]

{1/(15)} 1. e4 e5 2. Nf3 Nc6 3. Bc4 Bc5 4. b4 Bb6 5. Nc3 Nf6 6. O-O d6 7. Nd5
Nxd5 8. exd5 Nxb4 9. c3 Na6 10. d4 e4 11. Re1 f5 12. Ng5 O-O 13. a4 Ba5 14. Qb3
Qe7 15. f3 h6 16. Ne6 exf3 17. Bd2 Bxe6 18. Rxe6 Qd7 19. Qxb7 Qc8 20. Qxa6 Qxa6
21. Bxa6 fxg2 22. Rae1 Rab8 23. Bb5 Rb6 24. Re8 a6 25. Bd7 Rb2 26. Be6+ Kh7 27.
Rxf8 Rxd2 28. Bxf5+ 1-0

[Event "Kalamazoo (WMUSO/3/16)"]
[Site "?"]
[Date "1986.??.??"]
[Round "?"]
[White "Rowland, R.."]
[Black "Carroll, Mitchell"]
[Result "1-0"]
[WhiteElo "1605"]
[BlackElo "1605"]
[PlyCount "91"]
[EventDate "1986.??.??"]

{3/(16)} 1. e4 e5 2. Nf3 Nc6 3. Bc4 Nf6 4. d3 Bc5 5. Be3 Qe7 6. h3 d6 7. O-O
O-O 8. Nc3 Be6 9. Nd5 Qd8 10. Bg5 Bxd5 11. Bxd5 Rb8 12. c3 Bb6 13. Nh4 h6 14.
Bxf6 Qxf6 15. Nf5 Ne7 16. Nxe7+ Qxe7 17. Kh1 c6 18. Bb3 Qf6 19. Qd2 Rbd8 20. f4
d5 21. exd5 cxd5 22. fxe5 Qxe5 23. Rae1 Qd6 24. Re2 Bc7 25. g4 d4 26. c4 Qc6+
27. Re4 Qg6 28. Rf5 Rd7 29. Ba4 Rdd8 30. Re7 Bb8 31. Rxb7 Qa6 32. Qb4 Bd6 33.
c5 Rb8 34. Rxb8 Rxb8 35. Qc4 Qb7+ 36. Rd5 Bf8 37. Qxd4 Re8 38. Bxe8 Qe7 39. Re5
Qh4 40. Qe3 g6 41. Kg2 Bg7 42. Re7 Bf6 43. Rxf7 Bg5 44. Qg3 Qxg3+ 45. Kxg3 Bd2
46. c6 1-0

[Event "Kalamazoo (WMUSO/4/13)"]
[Site "?"]
[Date "1986.??.??"]
[Round "?"]
[White "Rowland, R.."]
[Black "Brown, Ralph"]
[Result "0-1"]
[WhiteElo "1605"]
[BlackElo "1745"]
[PlyCount "80"]
[EventDate "1986.??.??"]

{4/(13)} 1. e4 e5 2. Nf3 Nc6 3. Bc4 Bc5 4. c3 Nge7 5. b4 Bb6 6. Qb3 f6 7. O-O
a5 8. b5 a4 9. Qb2 Na5 10. Na3 Nxc4 11. Nxc4 Ba7 12. d4 exd4 13. cxd4 d5 14. b6
dxe4 15. bxa7 exf3 16. Qb5+ Qd7 17. Qxd7+ Kxd7 18. d5 fxg2 19. Rd1 Nf5 20. d6
g5 21. Rd5 Kc6 22. Ra5 Nxd6 23. Nxd6 Kxd6 24. Bb2 Ke6 25. Re1+ Kf7 26. Ba3 Re8
27. Rc1 c6 28. Rxa4 Rd8 29. Kxg2 Rd7 30. Bc5 b5 31. Rb4 Rd3 32. a4 Bh3+ 33. Kg1
Rad8 34. f3 Rxf3 35. axb5 g4 36. b6 g3 37. hxg3 Rd2 38. a8=Q Rxg3+ 39. Kh1 Bg2+
40. Kh2 Rh3+ 0-1

[Event "Warren (MCO/3/49)"]
[Site "?"]
[Date "1986.??.??"]
[Round "?"]
[White "Roland, M.."]
[Black "Steen, Harold"]
[Result "0-1"]
[WhiteElo "1605"]
[BlackElo "1625"]
[PlyCount "76"]
[EventDate "1986.??.??"]

{3/(49)} 1. e4 d6 2. Nf3 g6 3. Bc4 Bg7 4. h3 Nf6 5. Nc3 Nbd7 6. d4 O-O 7. O-O
c6 8. e5 dxe5 9. dxe5 Ne8 10. e6 fxe6 11. Bxe6+ Kh8 12. Ng5 Nd6 13. Qxd6 exd6
14. Nf7+ Rxf7 15. Bxf7 Ne5 16. Bb3 a5 17. Bf4 b5 18. a4 b4 19. Ne4 d5 20. Bxe5
Bxe5 21. Rad1 Ba6 22. Rfe1 Bxb2 23. Nc5 Qb6 24. Nxa6 Qxa6 25. Re6 Qb7 26. Rde1
Qd7 27. Re7 Qd6 28. R1e6 Qc5 29. Re8+ Rxe8 30. Rxe8+ Kg7 31. Rb8 Bd4 32. Rb7+
Kf6 33. Kh2 Bxf2 34. Rxh7 Qd6+ 35. Kh1 Bg3 36. Ra7 Qf4 37. Bc4 Qc1+ 38. Bf1
Qxf1# 0-1

[Event "Warren (MCO/5/58)"]
[Site "?"]
[Date "1986.??.??"]
[Round "?"]
[White "Roland, M.."]
[Black "Calton, David A"]
[Result "1-0"]
[WhiteElo "1605"]
[BlackElo "1605"]
[PlyCount "141"]
[EventDate "1986.??.??"]

{5/(58)} 1. e4 e5 2. Nf3 Nc6 3. Bc4 Bc5 4. d3 d6 5. Ng5 Nh6 6. Qf3 Qe7 7. O-O
Be6 8. Nxe6 fxe6 9. Qh5+ Qf7 10. Qxf7+ Nxf7 11. Bxe6 O-O 12. Be3 Bd4 13. c3
Bxe3 14. fxe3 Rae8 15. Rxf7 Rxf7 16. Bxf7+ Kxf7 17. Nd2 Kg6 18. d4 exd4 19.
exd4 b5 20. Kf2 b4 21. cxb4 Nxd4 22. Rc1 Rf8+ 23. Nf3 Nxf3 24. gxf3 Rb8 25. a3
Rb7 26. f4 Kf6 27. Re1 Rb6 28. e5+ dxe5 29. Rxe5 Rc6 30. b5 Rc2+ 31. Re2 Rc5
32. a4 Rc4 33. b3 Rxf4+ 34. Kg3 Kf5 35. h3 Re4 36. Rc2 Kg5 37. Rxc7 Re3+ 38.
Kh2 Kf4 39. Rf7+ Kg5 40. Rxg7+ Kf4 41. Rxa7 Re2+ 42. Kg1 Kf3 43. Rf7+ Kg3 44.
Kf1 Rb2 45. Re7 Kf3 46. Ke1 Rxb3 47. Rf7+ Ke3 48. Re7+ Kd3 49. Re2 Ra3 50. Rd2+
Ke3 51. Re2+ Kd3 52. Rb2 Rxa4 53. b6 Ke3 54. Rb3+ Kd4 55. b7 Ra1+ 56. Kd2 Ra2+
57. Kc1 Ra1+ 58. Rb1 Ra4 59. b8=Q Rc4+ 60. Kb2 Kd3 61. Qd8+ Rd4 62. Rd1+ Ke4
63. Qxd4+ Kf3 64. Qe5 Kf2 65. Rd2+ Kf3 66. Qc3+ Ke4 67. Rd4+ Kf5 68. Qc5+ Ke6
69. Rd6+ Ke7 70. Qc7+ Ke8 71. Rd8# 1-0

[Event "Warren (MCO/2/44)"]
[Site "?"]
[Date "1986.??.??"]
[Round "?"]
[White "Roland, M.."]
[Black "Blake, J.."]
[Result "0-1"]
[WhiteElo "1605"]
[BlackElo "1645"]
[PlyCount "66"]
[EventDate "1986.??.??"]

{2/(44)} 1. e4 e5 2. Nf3 Nc6 3. Bc4 Bc5 4. Ng5 Qxg5 5. O-O Nf6 6. d4 Qg6 7.
dxc5 Nxe4 8. Bd3 Nb4 9. Bxe4 Qxe4 10. Re1 Qf5 11. Na3 O-O 12. c3 Nd3 13. Qc2 e4
14. Rd1 Nxc5 15. Be3 Nd3 16. Nb5 Qxb5 17. Rab1 d5 18. f3 f5 19. b3 Qe8 20. c4
f4 21. Bd4 c6 22. fxe4 dxe4 23. c5 e3 24. Qxd3 Be6 25. Rbc1 Bd5 26. Ba1 Qh5 27.
Qc3 Qg5 28. Rxd5 cxd5 29. Rf1 Rad8 30. g3 fxg3 31. Rxf8+ Rxf8 32. Kh1 g2+ 33.
Kg1 Rf1# 0-1

[Event "Kalamazoo (WMUSO/4/1)"]
[Site "?"]
[Date "1986.??.??"]
[Round "?"]
[White "Rohland, M.."]
[Black "VanMeter, L.."]
[Result "0-1"]
[WhiteElo "1995"]
[BlackElo "2265"]
[PlyCount "84"]
[EventDate "1986.??.??"]

{4/(1)} 1. e4 c5 2. d4 cxd4 3. c3 dxc3 4. Nxc3 d6 5. Nf3 a6 6. Bc4 e6 7. O-O b5
8. Bb3 Bb7 9. Qe2 Nd7 10. Rd1 Be7 11. Bf4 Qb8 12. Rac1 Ngf6 13. a3 O-O 14. h3
Rc8 15. Ba2 Ne5 16. Nxe5 dxe5 17. Bg5 Rd8 18. Qe3 Rxd1+ 19. Rxd1 Qc7 20. Rc1
Rc8 21. b4 Nxe4 22. Ne2 Qxc1+ 23. Nxc1 Bxg5 24. Qb6 Rxc1+ 25. Kh2 Bc8 26. h4
Bxh4 27. Qe3 Rc7 28. Qxe4 Bxf2 29. Qxe5 Rc1 30. Bb3 g6 31. g4 Bb6 32. Kh3 Bc7
33. Qf6 Bb7 34. g5 Rh1+ 35. Kg4 Rg1+ 36. Kh4 Re1 37. Qe7 Re4+ 38. Kh3 Re3+ 39.
Kh4 Bg3+ 40. Kg4 f5+ 41. gxf6 h5+ 42. Kg5 Re5+ 0-1

[Event "Kalamazoo (WMUSO/2/9)"]
[Site "?"]
[Date "1986.??.??"]
[Round "?"]
[White "Rohland, M.."]
[Black "Lynch, W.."]
[Result "1-0"]
[WhiteElo "1995"]
[BlackElo "1605"]
[PlyCount "41"]
[EventDate "1986.??.??"]

{2/(9)} 1. e4 c5 2. d4 cxd4 3. c3 dxc3 4. Nxc3 Nc6 5. Nf3 Nf6 6. Bc4 g6 7. O-O
Bg7 8. Qe2 d6 9. Rd1 Qc7 10. Bg5 Qb6 11. Bxf6 Bxf6 12. Nd5 Qd8 13. Nxf6+ exf6
14. Qd2 O-O 15. Qxd6 Bg4 16. Qf4 Qc8 17. Qxf6 Be6 18. Bxe6 Qxe6 19. Qxe6 fxe6
20. Rd7 Rab8 21. Ng5 1-0

[Event "Monroe (MI Op/2/17)"]
[Site "?"]
[Date "1986.??.??"]
[Round "?"]
[White "Rogan, M.."]
[Black "Skidmore, Mike"]
[Result "1-0"]
[WhiteElo "2060"]
[BlackElo "1905"]
[PlyCount "53"]
[EventDate "1986.??.??"]

{2/(17)} 1. e4 c5 2. Nf3 Nc6 3. d4 cxd4 4. Nxd4 Nf6 5. Nc3 d6 6. g3 e6 7. Bg2
Nxd4 8. Qxd4 Be7 9. h3 a6 10. Be3 O-O 11. O-O-O Qa5 12. Kb1 e5 13. Qd2 Kh8 14.
f4 Be6 15. f5 Bc4 16. g4 b5 17. b3 b4 18. Na4 Rab8 19. g5 Nd7 20. Nb2 Bb5 21.
Nd3 Bc6 22. Rhf1 Nc5 23. Bxc5 dxc5 24. Nxe5 Bb5 25. f6 Bd8 26. Qd6 Qc7 27.
Qxf8# 1-0

[Event "Monroe (MI Op/5/11)"]
[Site "?"]
[Date "1986.??.??"]
[Round "?"]
[White "Rogan, M.."]
[Black "Mazuchowski, Tom"]
[Result "1/2-1/2"]
[WhiteElo "2060"]
[BlackElo "2140"]
[PlyCount "31"]
[EventDate "1986.??.??"]

{5/(11)} 1. e4 e5 2. f4 Bc5 3. Nf3 d6 4. c3 Nc6 5. Bb5 Bg4 6. h3 Bxf3 7. Qxf3
Nge7 8. d3 O-O 9. Nd2 Bb6 10. f5 d5 11. Nf1 dxe4 12. dxe4 Qd6 13. Be3 Bxe3 14.
Nxe3 Qc5 15. Bxc6 Qxc6 16. O-O 1/2-1/2

[Event "Warren (MCO/3/18)"]
[Site "?"]
[Date "1986.??.??"]
[Round "?"]
[White "Roberts, Kenneth"]
[Black "Smith, Michael R"]
[Result "0-1"]
[WhiteElo "1710"]
[BlackElo "2000"]
[PlyCount "100"]
[EventDate "1986.??.??"]

{3/(18)} 1. Nf3 Nf6 2. c4 e6 3. g3 b6 4. Bg2 Bb7 5. O-O Be7 6. a3 c5 7. Nc3 O-O
8. d4 cxd4 9. Qxd4 d5 10. Bf4 Nc6 11. Qd3 Ba6 12. Nd2 Na5 13. b3 Rc8 14. Nb5
Qd7 15. a4 Rfd8 16. Rac1 dxc4 17. Qxd7 Rxd7 18. bxc4 Bb4 19. Rfd1 Bxd2 20. Rxd2
Rxd2 21. Bxd2 Rxc4 22. Rxc4 Nxc4 23. Bc3 Bxb5 24. axb5 Nd5 25. Bxd5 exd5 26.
Bb4 f6 27. Kf1 Kf7 28. e3 Ke6 29. Ke2 Nd6 30. Kd3 Nxb5 31. e4 dxe4+ 32. Kxe4
f5+ 33. Kf4 a5 34. Bd2 a4 35. h4 a3 36. Bc1 a2 37. Bb2 Na3 38. Bxg7 Nc2 39. Kg5
a1=Q 40. Bxa1 Nxa1 41. Kh6 b5 42. Kxh7 b4 43. Kg7 b3 44. h5 b2 45. h6 b1=Q 46.
h7 Qb7+ 47. Kh6 Qc8 48. Kg7 Qd7+ 49. Kh6 Qe8 50. f3 Kf6 0-1

[Event "Warren (MCO/5/20)"]
[Site "?"]
[Date "1986.??.??"]
[Round "?"]
[White "Roberts, Kenneth"]
[Black "Moody, David"]
[Result "1/2-1/2"]
[WhiteElo "1710"]
[BlackElo "2005"]
[PlyCount "87"]
[EventDate "1986.??.??"]

{5/(20)} 1. Nf3 d6 2. d4 Nf6 3. c4 c5 4. d5 e6 5. Nc3 exd5 6. cxd5 g6 7. e4 Bg7
8. Be2 O-O 9. O-O Re8 10. Bg5 h6 11. Bxf6 Bxf6 12. Nd2 a6 13. a4 Nd7 14. Qc2
Ne5 15. Rae1 g5 16. h3 Ng6 17. Nf3 Nf4 18. Nh2 Bd7 19. Bg4 b5 20. axb5 axb5 21.
Be2 b4 22. Nd1 Ra2 23. Bc4 Qa5 24. Bxa2 Qxa2 25. Re3 Bd4 26. Ng4 Kg7 27. Rfe1
h5 28. Nh2 Ba4 29. Qd2 Bxd1 30. Qxd1 Qxb2 31. Nf3 f6 32. Nxd4 Qxd4 33. Qxd4
cxd4 34. Rb3 Nxd5 35. Kf1 Nc3 36. Rxb4 d3 37. Rd4 d2 38. Rxd2 Nxe4 39. Rde2 f5
40. g4 hxg4 41. hxg4 d5 42. gxf5 Re5 43. Kg2 Rxf5 44. Rxe4 1/2-1/2

[Event "Warren (MCO/3/25)"]
[Site "?"]
[Date "1986.??.??"]
[Round "?"]
[White "Robbins, Fred"]
[Black "Selitsky, B.."]
[Result "0-1"]
[WhiteElo "1625"]
[BlackElo "1845"]
[PlyCount "76"]
[EventDate "1986.??.??"]

{3/(25)} 1. f4 c5 2. Nf3 Nc6 3. e3 g6 4. c4 Bg7 5. Be2 Nf6 6. Nc3 O-O 7. O-O d6
8. a3 e5 9. fxe5 dxe5 10. Qc2 a6 11. Rb1 Qe7 12. Na4 e4 13. Ne1 Bf5 14. b3 Qd6
15. Bb2 Ne5 16. Bxe5 Qxe5 17. g3 h5 18. Ng2 Bh3 19. Rf2 Bxg2 20. Kxg2 Rfd8 21.
b4 cxb4 22. axb4 Qd6 23. Bf1 h4 24. c5 Qc7 25. Be2 hxg3 26. hxg3 Qe5 27. Nb6
Rab8 28. Nc4 Qc7 29. Rbf1 Qe7 30. Rxf6 Bxf6 31. Rf4 Kg7 32. Rxe4 Qd7 33. d4 Qd5
34. Bf3 Qg5 35. Qb3 Rh8 36. Ne5 Bxe5 37. Rxe5 Qh6 38. Bg4 Qh1+ 0-1

[Event "Warren (MCO/5/27)"]
[Site "?"]
[Date "1986.??.??"]
[Round "?"]
[White "Robbins, Fred"]
[Black "Riseman, J.."]
[Result "0-1"]
[WhiteElo "1625"]
[BlackElo "1825"]
[PlyCount "80"]
[EventDate "1986.??.??"]

{5/(27)} 1. f4 d5 2. Nf3 c5 3. e3 Nc6 4. b3 Bg4 5. h3 Bxf3 6. Qxf3 Nf6 7. Bb2
e6 8. Bb5 Bd6 9. Bxc6+ bxc6 10. d3 Qb6 11. Nd2 Rc8 12. O-O Rg8 13. Bxf6 gxf6
14. c4 Ke7 15. e4 Rg7 16. Rae1 Bc7 17. exd5 cxd5 18. f5 Rg3 19. Qh5 Rcg8 20.
Re2 Qd6 21. Nf3 e5 22. Qxh7 dxc4 23. dxc4 Qd3 24. Rd2 Qe3+ 25. Kh1 e4 26. Re1
Rxf3 27. Rd7+ Kxd7 28. Qxf7+ Kc6 29. Qd5+ Kb6 30. Qe6+ Ka5 31. b4+ Kxb4 32.
Rb1+ Kc3 33. Qxf6+ Qd4 34. Qxd4+ cxd4 35. gxf3 e3 36. f6 e2 37. f7 Rf8 38. Kg2
Rxf7 39. Kf2 d3 40. c5 Rg7 0-1

[Event "Warren (MCO/1/8)"]
[Site "?"]
[Date "1986.??.??"]
[Round "?"]
[White "Robbins, Fred"]
[Black "Koster, Ed"]
[Result "1-0"]
[WhiteElo "1625"]
[BlackElo "2170"]
[PlyCount "59"]
[EventDate "1986.??.??"]

{1/(8)} 1. f4 e5 2. fxe5 d6 3. exd6 Bxd6 4. Nf3 Nh6 5. d4 Ng4 6. Qd3 c5 7. d5
Qc7 8. Qe4+ Kf8 9. Bg5 f5 10. Qc4 b5 11. Qc3 b4 12. Qd3 c4 13. Qd4 Bc5 14. Qf4
Qb6 15. Bh4 Ne3 16. Kd2 c3+ 17. bxc3 Nxd5 18. Qc4 Ne3 19. Qd3 Nd7 20. cxb4
Qxb4+ 21. Nc3 Nf6 22. Bxf6 gxf6 23. Rb1 Qf4 24. Ke1 Be6 25. g3 Qg4 26. Rb7 Re8
27. Kd2 Bc4 28. Qd7 Bb6 29. Bh3 Qg6 30. Qd6+ 1-0

[Event "Monroe (MI Op/7/20)"]
[Site "?"]
[Date "1986.??.??"]
[Round "?"]
[White "Riseman, J.."]
[Black "Skidmore, Mike"]
[Result "1-0"]
[WhiteElo "1825"]
[BlackElo "1905"]
[PlyCount "67"]
[EventDate "1986.??.??"]

{7/(20)} 1. Nf3 Nf6 2. d4 g6 3. c4 Bg7 4. Nc3 O-O 5. e4 d6 6. Be2 c5 7. O-O
cxd4 8. Nxd4 Nc6 9. Nc2 a6 10. Re1 Ne5 11. Ne3 b6 12. f4 Ned7 13. Kh1 Bb7 14.
Ned5 Nc5 15. Bf3 e6 16. Nxf6+ Bxf6 17. f5 Qc7 18. g4 Bh4 19. Rf1 Rfe8 20. Bh6
Nd7 21. Qd4 Bf6 22. Qd1 Ne5 23. g5 Be7 24. fxe6 fxe6 25. Bg4 Qxc4 26. Qe2 Qc8
27. Rac1 Qd7 28. Nd5 Bxd5 29. exd5 Nxg4 30. Qxg4 Bd8 31. Qf3 Bc7 32. dxe6 Qe7
33. Qf7+ Kh8 34. Bg7# 1-0

[Event "Warren (MCO/6/24)"]
[Site "?"]
[Date "1986.??.??"]
[Round "?"]
[White "Riseman, J.."]
[Black "Roberts, Kenneth"]
[Result "1-0"]
[WhiteElo "1825"]
[BlackElo "1710"]
[PlyCount "47"]
[EventDate "1986.??.??"]

{6/(24)} 1. d4 Nf6 2. c4 e6 3. Nc3 Bb4 4. Bg5 c5 5. Nf3 Qa5 6. Qc2 cxd4 7. Bxf6
dxc3 8. Bxc3 Bxc3+ 9. bxc3 Nc6 10. g3 b6 11. Bg2 Ba6 12. O-O Bxc4 13. Rfd1 d5
14. e4 h6 15. exd5 Bxd5 16. c4 Qc5 17. Qb2 Bxf3 18. Bxf3 O-O 19. Qb5 Nd4 20.
Rxd4 Qxd4 21. Rd1 Qf6 22. Bxa8 Rxa8 23. Qd7 Kf8 24. Qc6 1-0

[Event "Monroe (MI Op/6/25)"]
[Site "?"]
[Date "1986.??.??"]
[Round "?"]
[White "Riseman, J.."]
[Black "Kung, Fred"]
[Result "1-0"]
[WhiteElo "1825"]
[BlackElo "1830"]
[PlyCount "67"]
[EventDate "1986.??.??"]

{6/(25)} 1. d4 d5 2. c4 e6 3. Nc3 c5 4. cxd5 exd5 5. Nf3 Nc6 6. e3 Nf6 7. Bb5
a6 8. Bxc6+ bxc6 9. dxc5 Bxc5 10. Nd4 Qc7 11. Qc2 Bd6 12. Nce2 c5 13. Nf5 Bxf5
14. Qxf5 O-O 15. Bd2 d4 16. O-O-O Rab8 17. Kb1 Qb7 18. Bc1 Rfe8 19. Qd3 Qxg2
20. Ng3 Bxg3 21. hxg3 Ne4 22. Rdg1 Qxf2 23. exd4 Qxd4 24. Qxa6 Nxg3 25. Rxh7
Qxg1 26. Rxg7+ Kxg7 27. Qh6+ Kg8 28. Qg5+ Kf8 29. Qh6+ Ke7 30. Qg5+ Ke6 31.
Qg4+ Kd5 32. Qd7+ Kc4 33. b3+ Kc3 34. Qd2# 1-0

[Event "Warren (MCO/4/29)"]
[Site "?"]
[Date "1986.??.??"]
[Round "?"]
[White "Riseman, J.."]
[Black "Heritier, R.."]
[Result "1/2-1/2"]
[WhiteElo "1825"]
[BlackElo "1685"]
[PlyCount "60"]
[EventDate "1986.??.??"]

{4/(29)} 1. d4 d5 2. c4 c6 3. Nc3 Nf6 4. e3 e6 5. Nf3 Nbd7 6. Bd2 Be7 7. Qc2
O-O 8. Bd3 dxc4 9. Bxc4 Nd5 10. a3 N7f6 11. e4 Nxc3 12. bxc3 Bd7 13. e5 Nd5 14.
O-O c5 15. Bd3 g6 16. Bc1 cxd4 17. c4 Rc8 18. Qd2 Nb6 19. Qh6 f6 20. Re1 Bc6
21. exf6 Bxf6 22. Rxe6 Bxf3 23. gxf3 Bg7 24. Qd2 Rxf3 25. Be2 Rf7 26. Rb1 Nxc4
27. Qc2 Qd5 28. Bg4 Rd8 29. Rb4 Nb6 30. Qe2 Rdf8 1/2-1/2

[Event "Warren (MCO/2/4)"]
[Site "?"]
[Date "1986.??.??"]
[Round "?"]
[White "Riseman, J.."]
[Black "Groeller, W.."]
[Result "0-1"]
[WhiteElo "1825"]
[BlackElo "2155"]
[PlyCount "84"]
[EventDate "1986.??.??"]

{2/(4)} 1. e4 c5 2. Nf3 Nc6 3. d4 cxd4 4. Nxd4 Nf6 5. Nc3 e5 6. Ndb5 d6 7. Bg5
a6 8. Na3 b5 9. Bxf6 gxf6 10. Nd5 f5 11. Bd3 Be6 12. c3 Bg7 13. Nc2 O-O 14. a4
bxa4 15. Rxa4 a5 16. Qh5 fxe4 17. Rxe4 Bxd5 18. Rxe5 Re8 19. Bxh7+ Kf8 20.
Rxe8+ Qxe8+ 21. Kd2 Qe5 22. Qxe5 Nxe5 23. Ne3 Bh6 24. Ke2 Bxe3 25. Kxe3 Bxg2
26. Rg1 Bc6 27. Rg8+ Ke7 28. Rxa8 Bxa8 29. Ke2 Bd5 30. Bc2 Bc4+ 31. Ke3 Bb5 32.
b3 Ng4+ 33. Kd4 Nxh2 34. Bd3 Nf3+ 35. Ke3 Bxd3 36. Kxd3 d5 37. Ke3 Ne5 38. Kd2
Ke6 39. Kc2 Kf5 40. Kb2 Nd3+ 41. Ka3 Nxf2 42. b4 axb4+ 0-1

[Event "Monroe (MI Op/2/25)"]
[Site "?"]
[Date "1986.??.??"]
[Round "?"]
[White "Riseman, J.."]
[Black "Everett, Morgan"]
[Result "1/2-1/2"]
[WhiteElo "1825"]
[BlackElo "2010"]
[PlyCount "142"]
[EventDate "1986.??.??"]

{2/(25)} 1. d4 Nf6 2. c4 c5 3. d5 e6 4. Nc3 exd5 5. cxd5 d6 6. e4 g6 7. f4 Bg7
8. Be2 O-O 9. Nf3 a6 10. a4 Bg4 11. Nd2 Bxe2 12. Qxe2 Nh5 13. O-O Bd4+ 14. Kh1
Qh4 15. Rf3 Nd7 16. Nc4 Qe7 17. Bd2 b5 18. Na5 b4 19. Nc6 Qf6 20. e5 Qg7 21. g4
Nxf4 22. Bxf4 bxc3 23. bxc3 Bxe5 24. Raf1 Bxf4 25. Rxf4 Ne5 26. Nxe5 Qxe5 27.
Qxe5 dxe5 28. Rf6 Rab8 29. g5 Rb3 30. R1f3 Ra3 31. Rxa6 e4 32. Re3 Rd8 33. d6
Ra2 34. a5 Rd2 35. Rxe4 R2xd6 36. Rxd6 Rxd6 37. Re5 Rc6 38. Kg2 Kg7 39. Kf3 f6
40. Re7+ Kf8 41. Rxh7 fxg5 42. Ra7 Ke8 43. Ke4 Rd6 44. Rc7 Rd2 45. Rxc5 Rxh2
46. Rxg5 Ra2 47. Rd5 Ke7 48. c4 Ra4 49. Kd3 g5 50. Rxg5 Kd6 51. Kc3 Kc6 52. a6
Kb6 53. Rg8 Kc5 54. Rg5+ Kb6 55. Rb5+ Kc6 56. Rf5 Kb6 57. Rf8 Kc5 58. Rc8+ Kd6
59. Ra8 Kc5 60. a7 Kb6 61. Rb8+ Kxa7 62. Rb5 Ka6 63. Kd4 Ra1 64. Kc5 Rc1 65.
Kd5 Rd1+ 66. Kc6 Rc1 67. c5 Rc2 68. Rb6+ Ka7 69. Kd6 Rd2+ 70. Kc7 Rc2 71. c6
Rh2 1/2-1/2

[Event "Warren (MCO/2/51)"]
[Site "?"]
[Date "1986.??.??"]
[Round "?"]
[White "Ridella, Dennis"]
[Black "Koscierzynski, J.."]
[Result "0-1"]
[WhiteElo "1605"]
[BlackElo "1605"]
[PlyCount "86"]
[EventDate "1986.??.??"]

{2/(51)} 1. e4 e5 2. Nf3 d6 3. Bc4 Nf6 4. d3 h6 5. Be3 a6 6. Nbd2 Nc6 7. a3 Ng4
8. Qe2 f5 9. exf5 Bxf5 10. h3 Nxe3 11. Qxe3 Qf6 12. O-O-O g6 13. Bd5 Bg7 14.
Ne4 Bxe4 15. Qxe4 Na5 16. Bxb7 Nxb7 17. Qxb7 O-O 18. Qe4 Ra7 19. Rhf1 Rb8 20.
d4 Rab7 21. b3 a5 22. dxe5 dxe5 23. Qd5+ Kh7 24. Qe4 Qe7 25. Kb2 c5 26. a4 Rb4
27. Qd5 e4+ 28. Kb1 Qf6 29. Qe5 Qc6 30. Ng5+ hxg5 31. Qxg5 Rxa4 32. Qh4+ Bh6
33. Qe7+ Bg7 34. Qh4+ Bh6 35. Qe7+ Bg7 36. Qh4+ Kg8 37. Rd8+ Kf7 38. Qf4+ Bf6
39. c3 Rxd8 40. bxa4 Qd5 41. Rc1 Qb3+ 42. Ka1 Rb8 43. Qxb8 Qxb8 0-1

[Event "Warren (MCO/6/42)"]
[Site "?"]
[Date "1986.??.??"]
[Round "?"]
[White "Ridella, Dennis"]
[Black "Calton, Bill"]
[Result "1/2-1/2"]
[WhiteElo "1605"]
[BlackElo "1605"]
[PlyCount "97"]
[EventDate "1986.??.??"]

{6/(42)} 1. e4 e5 2. Nf3 Nc6 3. Bc4 Bc5 4. d3 d6 5. c3 h6 6. h3 Nf6 7. b4 Bb6
8. Nbd2 O-O 9. Nb3 a6 10. O-O Ba7 11. a4 Bd7 12. Re1 Qe7 13. d4 exd4 14. Nbxd4
Nxd4 15. Nxd4 Rfe8 16. Kf1 Qd8 17. Qf3 Re7 18. Nf5 Bxf5 19. Qxf5 Qd7 20. Qf3
Rae8 21. Bxh6 gxh6 22. Qxf6 Rxe4 23. Rxe4 Rxe4 24. Bd3 Re6 25. Qf5 Qd8 26. Qh7+
Kf8 27. Bf5 Qf6 28. Rc1 Re5 29. g4 Rd5 30. Rc2 Re5 31. Bd7 Re3 32. Qf5 Qxf5 33.
Bxf5 Rxh3 34. Kg2 Rh4 35. Kg3 Rh1 36. Bc8 Ra1 37. a5 b6 38. Bxa6 bxa5 39. bxa5
Rxa5 40. Bb7 Ra3 41. Kh4 Kg7 42. g5 hxg5+ 43. Kxg5 Ra5+ 44. Kf4 Kg6 45. c4 Rf5+
46. Kg3 Kh6 47. Bd5 Kg5 48. f3 f6 49. Re2 1/2-1/2

[Event "Warren (MCO/4/45)"]
[Site "?"]
[Date "1986.??.??"]
[Round "?"]
[White "Ridella, Dennis"]
[Black "Bowie, J.."]
[Result "0-1"]
[WhiteElo "1605"]
[BlackElo "1605"]
[PlyCount "84"]
[EventDate "1986.??.??"]

{4/(45)} 1. e4 e5 2. Nf3 Nc6 3. Bc4 Bc5 4. d3 h6 5. O-O d6 6. a3 Bg4 7. Nc3 Nd4
8. b4 Bb6 9. Nd5 Nxf3+ 10. gxf3 Bh3 11. Nxb6 axb6 12. Kh1 Bxf1 13. Qxf1 Qf6 14.
Qg2 Qg6 15. Be3 Qxg2+ 16. Kxg2 Nf6 17. Bb5+ c6 18. Bc4 b5 19. Bb3 O-O 20. Kh3
d5 21. Rg1 g5 22. exd5 cxd5 23. Bc1 Rfe8 24. Bb2 Kg7 25. Re1 d4 26. Bc1 Nh5 27.
Kg4 Nf4 28. h4 gxh4 29. Bb2 Rad8 30. Rg1 Ne2 31. Rg2 Nf4 32. Rg1 Rg8 33. Kxh4+
Kh7 34. Rxg8 Kxg8 35. Bc1 Rd6 36. Bxf4 exf4 37. Kg4 Rf6 38. Bd5 b6 39. Be4 Kg7
40. Bf5 h5+ 41. Kxf4 h4 42. Kg5 Rxf5+ 0-1

[Event "Monroe (MI Op/6/26)"]
[Site "?"]
[Date "1986.??.??"]
[Round "?"]
[White "Raftshol, W.."]
[Black "Thurman, John"]
[Result "1-0"]
[WhiteElo "1710"]
[BlackElo "1845"]
[PlyCount "53"]
[EventDate "1986.??.??"]

{6/(26)} 1. e4 c5 2. Nf3 Nc6 3. d4 cxd4 4. Nxd4 d6 5. c4 Nf6 6. Nc3 Qb6 7. Nc2
a6 8. Be2 g6 9. O-O Bg7 10. Rb1 Rb8 11. Be3 Qc7 12. h3 Ne5 13. b3 Bd7 14. Qd2
h5 15. f4 Nc6 16. Bd3 e6 17. Be2 h4 18. Rbd1 Nh5 19. f5 gxf5 20. exf5 Be5 21.
Ne4 Ng3 22. Nxg3 Bxg3 23. Bf4 Bxf4 24. Qxf4 e5 25. Qg5 Ne7 26. Qf6 Rg8 27. Bh5
1-0

[Event "Monroe (MI Op/4/19)"]
[Site "?"]
[Date "1986.??.??"]
[Round "?"]
[White "Raftshol, W.."]
[Black "Owens, James"]
[Result "1/2-1/2"]
[WhiteElo "1710"]
[BlackElo "1940"]
[PlyCount "72"]
[EventDate "1986.??.??"]

{4/(19)} 1. e4 c5 2. Nf3 d6 3. d4 cxd4 4. Nxd4 Nf6 5. Nc3 a6 6. Bc4 e6 7. Bb3
Be7 8. Be3 Nc6 9. f4 Nxd4 10. Bxd4 O-O 11. Qd3 Qc7 12. O-O-O e5 13. Be3 Be6 14.
Nd5 Nxd5 15. Bxd5 Rac8 16. Rd2 Bd7 17. fxe5 Bb5 18. exd6 Bxd6 19. Bxf7+ Qxf7
20. Qxd6 Bc6 21. Rf2 Qxa2 22. Rxf8+ Rxf8 23. Bc5 Re8 24. Re1 Qa1+ 25. Kd2 Qxb2
26. Rf1 h6 27. Rf8+ Rxf8 28. Qxf8+ Kh7 29. Qf5+ g6 30. Qf7+ Qg7 31. Qxg7+ Kxg7
32. Ke3 b5 33. Bb4 Kf6 34. g3 Ke5 35. Bc3+ Kd6 36. Kd4 Ke6 1/2-1/2

[Event "Warren (MCO/5/35)"]
[Site "?"]
[Date "1986.??.??"]
[Round "?"]
[White "Raftshol, W.."]
[Black "McGee, T.."]
[Result "1-0"]
[WhiteElo "1710"]
[BlackElo "1605"]
[PlyCount "46"]
[EventDate "1986.??.??"]

{5/(35)} 1. e4 c5 2. Nf3 g6 3. d4 cxd4 4. Nxd4 Bg7 5. Nc3 d6 6. Be3 Nf6 7. f3
O-O 8. Qd2 Re8 9. g4 a6 10. h4 Nfd7 11. h5 Nf8 12. hxg6 fxg6 13. Bh6 b5 14.
Bxg7 Kxg7 15. Nf5+ gxf5 16. Qh6+ Kh8 17. exf5 e6 18. f6 Qd7 19. Ne4 Nc6 20.
Nxd6 Rd8 21. f7 Qe7 22. Bd3 Rxd6 23. Bxh7 e5 1-0

[Event "Monroe (MI Op/3/18)"]
[Site "?"]
[Date "1986.??.??"]
[Round "?"]
[White "Raftshol, W.."]
[Black "Hankinson, Chris"]
[Result "0-1"]
[WhiteElo "1710"]
[BlackElo "2025"]
[PlyCount "76"]
[EventDate "1986.??.??"]

{3/(18)} 1. e4 e5 2. Nf3 Nc6 3. Bc4 Nf6 4. Ng5 d5 5. exd5 Na5 6. Bb5+ c6 7.
dxc6 bxc6 8. Ba4 h6 9. Nf3 e4 10. Ne5 Qc7 11. d4 exd3 12. Nxd3 Bd6 13. h3 O-O
14. Nc3 Re8+ 15. Be3 Nc4 16. Qf3 Nxe3 17. fxe3 Bg3+ 18. Kd2 Bb7 19. Qf5 Rad8
20. Ne2 Bf2 21. Kc1 Bxe3+ 22. Kb1 Ne4 23. a3 Bc8 24. Qh5 Be6 25. b3 Bg5 26. Ka2
Bf6 27. Rad1 Rd5 28. Qf3 Ra5 29. Nb2 Rf5 30. Qd3 Nf2 31. Qa6 Nxh1 32. Rxh1 Bd5
33. Qd3 Qe5 34. c3 Rf2 35. Nd4 Bxg2 36. Rg1 Qh2 37. Qb1 Bxd4 38. cxd4 Ree2 0-1